| 000 | 01088cab a2200373 4500 | ||
|---|---|---|---|
| 001 | ABS52522 | ||
| 008 | 090401t1995 xxu||||| |||| 00| 0 eng d | ||
| 035 | _a(Sirsi) u83212 | ||
| 041 | _aeng | ||
| 100 | _aGill, P. | ||
| 245 | _aCleaning up | ||
| 260 | _c1995 | ||
| 350 | _a0 | ||
| 490 |
_aProperty Week _v50(11) 16 March 1995, 30-33(4) |
||
| 520 | _aSees advantages in the redevelopment of brownfield sites, despite the huge clean-up costs, and sets out the principal methods of remediation with their relative merits. Guides on cost and cites examples. | ||
| 650 | _aBARRIER SYSTEMS | ||
| 650 | _aBIOREMEDIATION | ||
| 650 | _aBIOTREATMENT | ||
| 650 | _aCLEAN-UP COSTS | ||
| 650 | _aCONTAMINATED LAND | ||
| 650 | _aCOSTS | ||
| 650 | _aENCAPSULATION | ||
| 650 | _aINCINERATION | ||
| 650 | _aREMEDIATION | ||
| 650 | _aSOIL WASHING | ||
| 650 | _aSOLIDIFICATION | ||
| 650 | _aSTABILISATION | ||
| 650 | _aTREATMENT | ||
| 650 | _aWASTE MINIMISATION | ||
| 690 | _aENVIRONMENTAL AND LAND CONSULTANCY | ||
| 690 | _aLAND | ||
| 942 | _n0 | ||
| 948 | _c04/03/1997 | ||
| 999 |
_c52546 _d52546 |
||